000 00307nam a22001217a 4500
008 180515b xxu||||| |||| 00| 0 eng d
041 _aeng
080 _a043.3
100 _a0
101 _aARK-BTH
245 _aNdërtesë kulturore- muze i gjenocidit të Serbisë në Kosovë
_cNeziri,G
942 _2udc
_cBK
999 _c45784
_d45784